• 首页
  • 本馆介绍
  • 公告通知
  • 最新文献
  • 馆藏检索
  • 电子资源
  • 读者导购
  • 参考咨询
  • 我的图书馆
  • 登录
  • 详细信息显示
  • 放入我的书架
  • 预约/预借图书
  • 作者相关作品
  • 分类相关作品
  • 丛书相关作品
  • 出版社相关作品

书目信息

  • 表格格式
  • 工作单格式
  • 卡片格式
题名:
不可信中继网络安全传输优化设计理论与方法
    
 
作者: 姚如贵 著
分册:  
出版信息: 北京   科学出版社  2019
页数: 178页
开本: 24cm
丛书名:
单 册:
中图分类: TN925
科图分类:
主题词: 中继网--Zhong Ji Wang--信号传输--最优设计--研究
电子资源:
ISBN: 978-7-03-060514-6
000 00931nam0 2200253 450
001 012001002872
005 20140125161331.0
010    @a978-7-03-060514-6@dCNY90.00
099    @aCAL 012019063144
100    @a20190514d2019 em y0chiy50 ea
101 0  @achi
102    @aCN@b110000
105    @aak a 000yy
106    @ar
200 1  @a不可信中继网络安全传输优化设计理论与方法@ABu Ke Xin Zhong Ji Wang Luo An Quan Chuan Shu You Hua She Ji Li Lun Yu Fang Fa@f姚如贵著
210    @a北京@c科学出版社@d2019
215    @a178页@c图@d24cm
320    @a有书目
330    @a本书围绕物理层安全的安全速率提升问题,针对不可信中继网络,深入系统地总结了基于协作干扰的不可信中继网络安全传输优化设计理论与方法,逐步递进开展了五个方面的研究。
606 0  @a中继网@AZhong Ji Wang@x信号传输@x最优设计@x研究
690    @aTN925@v5
701  0 @a姚如贵@AYao Rugui@4著
801  0 @aCN@b北京卓展@c20191020
905    @b1204588-90@dTN925@e308@f3
    
    不可信中继网络安全传输优化设计理论与方法/姚如贵著.-北京:科学出版社,2019
    178页:图;24cm
    
    
    ISBN 978-7-03-060514-6:CNY90.00
    本书围绕物理层安全的安全速率提升问题,针对不可信中继网络,深入系统地总结了基于协作干扰的不可信中继网络安全传输优化设计理论与方法,逐步递进开展了五个方面的研究。
●
相关链接 在E读中查询图书 在五车中查询图书 在当当中查询图书 在豆瓣中查询图书


正题名:不可信中继网络安全传输优化设计理论与方法     索取号:TN925/308         预约/预借

序号 登录号 条形码 馆藏地/架位号 状态 备注
1 1204588   212045883   第二样本阅览室/ [索取号:TN925/308] 在馆    
2 1204589   212045892   第三借阅区/ [索取号:TN925/308] 在馆    
3 1204590   212045909   第三借阅区/ [索取号:TN925/308] 在馆    
唐山师范学院图书馆 欢迎您!
大连网信软件有限公司© 版权所有